Chemická olympiáda, 41. ročník, 2004-2005 školské kolo v kategórii E a F : riešenie úloh študijnej časti školského kola

Bibliographic Details
Main Author: Michalíková, Anna (Author)
Corporate Author: Chemická olympiáda (Author)
Other Authors: Hlinická, I. (Compiler)
Format: Conference Proceeding Book
Language:Slovak
PhysicalDescription:25 cm schémy 21 cm
Published: Bratislava Iuventa 2004
ISBN:8080720193
Edition:1. vyd.
Subjects:

MARC

LEADER 00000cam a2200000 a 4500
001 vtls001483618
003 SK-MaSNL
005 20260301122257.0
008 220107s2004 xo l grf 00000 slo
015 |a SNBA2006/02-00682 
020 |a 8080720193  |q (brožované) 
035 |a SNK000438912 
035 |a urn:nbn:sk:snk-am3iy74 
035 |a E71EC598-78AC-4D0F-9B2B-6319D7A4EEAC 
035 |a urn:nbn:sk:snk-am00g3tz 
040 |a SNK  |b slo  |c SNK  |e AACR2 
041 0 |a slo 
044 |a xo  |c SK 
072 7 |a 54  |x Chémia. Mineralogické vedy  |2 konspekt 
072 7 |a 373.5/.6  |x Stredné školy  |2 konspekt 
080 |a 54  |2 2011 
080 |a 54:37.091.33  |2 2011 
080 |a 373.5+377  |2 2011 
080 |a (035)  |2 2011 
111 2 |a Chemická olympiáda  |n (41. :  |d 2004-2005)  |4 aut  |9 110114 
245 1 0 |a Chemická olympiáda, 41. ročník, 2004-2005  |b školské kolo v kategórii E a F : riešenie úloh študijnej časti školského kola  |c [zodpovedný autor: Anna Michalíková ; autori: Iveta Ondrejkovičová ... [et al.] ; zostavila: I. Hlinická] 
250 |a 1. vyd. 
260 |a Bratislava  |b Iuventa  |c 2004 
300 |a 25 cm  |b schémy  |c 21 cm 
366 |e 200 kusov 
500 |a Pre vnútornú potrebu 
648 7 |a 2004-2005  |2 SNKPH  |9 357340 
650 0 7 |a chémia  |2 SNKPH  |9 749 
650 0 7 |a chemická olympiáda  |2 SNKPH  |9 71476 
650 0 7 |a stredné školy  |2 SNKPH  |9 1279 
650 0 7 |a úlohy  |2 SNKPH  |9 3885 
655 7 |a príručky  |2 SNKPH  |9 74364 
700 1 |a Michalíková, Anna  |4 aut  |9 5126 
700 1 |a Hlinická, I.  |4 com  |9 302101 
919 |a 80-8072-019-3 
958 |a TL 
958 |a OND 
999 |c 732339  |d 734269 
952 |t P60, <03>, [BOOK], {603}, -B-  |a SNK  |b SNK  |y PREZ  |7 0  |p 17A0449408  |o snkSC 117647  |i snkKSP 13405/2004  |0 0  |1 0  |4 0  |d 2004-10-15  |f 1  |l 0  |r 2025-10-16 00:00:00  |w 2026-02-23 
952 |t P60, <04>, [BOOK], {604}, -W-  |a SNK  |b SNK  |y VYP  |7 0  |p 17A0449409  |o snkSC 117647 D1  |i snkKSP 13406/2004  |0 0  |1 0  |4 0  |d 2004-10-15  |l 0  |r 2005-01-02 00:00:00  |w 2026-02-23